| 000 | 01045ngm a22002650a 4500 | ||
|---|---|---|---|
| 001 | PT19528 | ||
| 003 | AR-LpoUNG | ||
| 005 | 20210202000310.0 | ||
| 007 | vd cvaizq | ||
| 008 | 191001s1988||||ag |||||||||||||||||eng d | ||
| 040 |
_aAR-LpoUNG _bspa _cAR-LpoUNG _eaacr |
||
| 041 | _aeng | ||
| 044 | _aag | ||
| 082 | 0 | _a782 789mae | |
| 100 | 1 |
_aCorbiau, Gérard _edir. |
|
| 245 | 1 | 3 | _aEl maestro de música |
| 260 |
_aBuenos Aires : _bGativideo, _c1988. |
||
| 300 | _aDVD (96 min.) : son., col. | ||
| 505 | 0 | _aSubtítulos en español | |
| 520 | _a<p>Joachim Dallayrac, un famoso barítono ya mayor, está en el ocaso de su carrera y decide retirarse. Además está gravemente enfermo, pero antes de su alejamiento da clases a dos jóvenes talentos, Sophie y Jean. El maestro los conduce durante meses de agotadora instrucción, hasta participar en una importante competencia.</p> | ||
| 651 | 4 | _aReino Unido de Gran Bretaña e Irlanda del Norte | |
| 653 | _aVIDEOS | ||
| 905 | _a19528 | ||
| 942 | _cDVD | ||
| 999 |
_c54557 _d54557 |
||